000 01862nas a2200277Ia 4500
001 R053-S7914
003 IT-CnALBA
008 170116c99999999xx |||||||||||| ||und||
040 _aIT-CnALBA
_cIT-CnALBA
041 _aITALIANO
100 _aDEL COLLE BEPPE
210 _aJESUS
222 _aJESUS
245 0 _aJESUS. CULTURA E ATTUALITÀ CRISTIANA. DICEMBRE 1990. IL NUOVO NATALE DELL'EST. VIAGGIO TRA I CATTOLICI, CINA, URSS.
250 _a1a ed.
260 _aCINISELLO BALSAMO (MI)
_bPERIODICI SAN PAOLO ED.
_c1990 [1° Ed.:1990 - Ed.Ling.Originale: 1990]
300 _a130 p.
310 _aMENSILE
362 _aFascicolo: 12 / Anno: 12 (1990)
500 _aCAMBIAMENTO DELLO OBIETTORE. IL SEGRETO DI FAMIGLIA CRISTIANA. NATALE ALL'EST. IL CASO CRISTO, MESSORI V. OBIETTORE ANNI ''90. INTERROGATIVI SUL SINODO, BOBBIO A. FERRO'' G. SAVONAROLA E LA PIRA. TEOLOGIA ALL'UNIVERSITÀ DI URBINO. BASTA NON ESISTE NELLA CARITÀ. IL SANTO DI CERVEUXUN SINODO PER L'AFRICA. POSTA DEI LETTORI. L'OPINIONE. IL MONDO CRISTIANO. L'AVVENIMENTO, DE ROSA G. PROVOCAZIONE E RISPOSTA. INDICE DEL 1990. OASI, BIBBIA A CONFRONTO. MORALE E COSCIENZA. RECENSIONI.
501 _aSocietà San Paolo EM - Piazza San Paolo, 14 - 12051 ALBA (CN) (non commercial uses only) ® Copyright 2017
520 _aCAMBIAMENTO DELLO OBIETTORE. IL SEGRETO DI FAMIGLIA CRISTIANA. NATALE ALL'EST. IL CASO CRISTO, MESSORI V. OBIETTORE ANNI ''90. INTERROGATIVI SUL SINODO, BOBBIO A. FERRO'' G. SAVONAROLA E LA PIRA. TEOLOGIA ALL'UNIVERSITÀ DI URBINO. BASTA NON ESISTE NELLA CARITÀ. IL SANTO DI CERVEUXUN SINODO PER L'AFRICA. POSTA DEI LETTORI. L'OPINIONE. IL MONDO CRISTIANO. L'AVVENIMENTO, DE ROSA G. PROVOCAZIONE E RISPOSTA. INDICE DEL 1990. OASI, BIBBIA A CONFRONTO. MORALE E COSCIENZA. RECENSIONI.
650 _aSCIENZE UMANE E RELIGIOSE
942 _cCR
957 _71
999 _a77473
_bNO
_g1
_c335459
_d335459